|
|
|
|
| LEADER |
02618nam a22005655i 4500 |
| 001 |
978-3-642-11931-6 |
| 003 |
DE-He213 |
| 005 |
20151204145614.0 |
| 007 |
cr nn 008mamaa |
| 008 |
100325s2010 gw | s |||| 0|eng d |
| 020 |
|
|
|a 9783642119316
|9 978-3-642-11931-6
|
| 024 |
7 |
|
|a 10.1007/978-3-642-11931-6
|2 doi
|
| 040 |
|
|
|d GrThAP
|
| 050 |
|
4 |
|a QA76.758
|
| 072 |
|
7 |
|a UMZ
|2 bicssc
|
| 072 |
|
7 |
|a COM051230
|2 bisacsh
|
| 082 |
0 |
4 |
|a 005.1
|2 23
|
| 245 |
1 |
0 |
|a Approaches and Applications of Inductive Programming
|h [electronic resource] :
|b Third International Workshop, AAIP 2009, Edinburgh, UK, September 4, 2009. Revised Papers /
|c edited by Ute Schmid, Emanuel Kitzelmann, Rinus Plasmeijer.
|
| 264 |
|
1 |
|a Berlin, Heidelberg :
|b Springer Berlin Heidelberg,
|c 2010.
|
| 300 |
|
|
|a IX, 195 p. 14 illus.
|b online resource.
|
| 336 |
|
|
|a text
|b txt
|2 rdacontent
|
| 337 |
|
|
|a computer
|b c
|2 rdamedia
|
| 338 |
|
|
|a online resource
|b cr
|2 rdacarrier
|
| 347 |
|
|
|a text file
|b PDF
|2 rda
|
| 490 |
1 |
|
|a Lecture Notes in Computer Science,
|x 0302-9743 ;
|v 5812
|
| 505 |
0 |
|
|a Invited Papers -- Deriving a Relationship from a Single Example -- Synthesis of Functions Using Generic Programming -- Regular Papers -- Inductive Programming: A Survey of Program Synthesis Techniques -- Incremental Learning in Inductive Programming -- Enumerating Well-Typed Terms Generically -- Generalisation Operators for Lists Embedded in a Metric Space -- Porting IgorII from Maude to Haskell -- Automated Method Induction: Functional Goes Object Oriented -- Recent Improvements of MagicHaskeller.
|
| 650 |
|
0 |
|a Computer science.
|
| 650 |
|
0 |
|a Computer programming.
|
| 650 |
|
0 |
|a Software engineering.
|
| 650 |
|
0 |
|a Computer logic.
|
| 650 |
|
0 |
|a Mathematical logic.
|
| 650 |
|
0 |
|a Artificial intelligence.
|
| 650 |
1 |
4 |
|a Computer Science.
|
| 650 |
2 |
4 |
|a Software Engineering.
|
| 650 |
2 |
4 |
|a Artificial Intelligence (incl. Robotics).
|
| 650 |
2 |
4 |
|a Mathematical Logic and Formal Languages.
|
| 650 |
2 |
4 |
|a Logics and Meanings of Programs.
|
| 650 |
2 |
4 |
|a Information Systems Applications (incl. Internet).
|
| 650 |
2 |
4 |
|a Programming Techniques.
|
| 700 |
1 |
|
|a Schmid, Ute.
|e editor.
|
| 700 |
1 |
|
|a Kitzelmann, Emanuel.
|e editor.
|
| 700 |
1 |
|
|a Plasmeijer, Rinus.
|e editor.
|
| 710 |
2 |
|
|a SpringerLink (Online service)
|
| 773 |
0 |
|
|t Springer eBooks
|
| 776 |
0 |
8 |
|i Printed edition:
|z 9783642119309
|
| 830 |
|
0 |
|a Lecture Notes in Computer Science,
|x 0302-9743 ;
|v 5812
|
| 856 |
4 |
0 |
|u http://dx.doi.org/10.1007/978-3-642-11931-6
|z Full Text via HEAL-Link
|
| 912 |
|
|
|a ZDB-2-SCS
|
| 912 |
|
|
|a ZDB-2-LNC
|
| 950 |
|
|
|a Computer Science (Springer-11645)
|